000 00302nam a22001337a 4500
008 171003b xxu||||| |||| 00| 0 eng d
020 _a9780534632533
041 _aeng
080 _27TH
_a159.9
100 _a48
101 _aPSI
245 _aDEVELOPMENTAL PSYCHOLOGY
_cSHFFER,D.R
942 _2udc
_cBK
999 _c31500
_d31500